2020年代のGoogleストリートビューが存在しない市町村 - Statistics

General Stats
  • This quiz has been taken 25 times
    18 since last reset
  • The average score is 14 of 25
Answer Stats
Answer 最新のストリートビューの撮影年 % Correct
青ヶ島村 2017(トレッカー)
88%
南大東村 2014(トレッカー)
81%
与那国町 2014(通常)
81%
小笠原村 2010(通常)、2017(トレッカー)
75%
北大東村 2014(トレッカー)
75%
粟島浦村 2012(通常)
63%
大島町 2019(通常)、2017(トレッカー)
63%
八丈町 2019(通常)、2016(トレッカー)
63%
三島村 2014(通常)
63%
与論町 2013(通常)
63%
渡嘉敷村 2014(通常)、2016(トレッカー)
63%
粟国村 2016(トレッカー)
63%
利島村 2014、2017(トレッカー)
56%
新島村 2014(通常)、2016(トレッカー)
56%
三宅村 2013(通常)、2017(トレッカー)
56%
十島村 2014(通常)
56%
神津島村 2014(通常)、2017(トレッカー)
50%
御蔵島村 2013(トレッカー)
50%
渡名喜村 2014(トレッカー)
50%
海士町 2015(通常)
44%
座間味村 2014(通常)
44%
伊平屋村 2014(通常)
38%
伊是名村 2014(通常)
38%
多良間村 2014(トレッカー)
38%
西ノ島町 2015(通常)
31%
No matching quizzes found
Score Distribution
Percent of People with Each Score
Percentile by Number Answered
Your Score History
You have not taken this quiz since the last reset